000 00985nam a22003137a 4500
001 BR0305145
003 BR-BrBNA
005 20230928101418.0
007 ta
008 230509b bl.||||| |||| 00| 0 por d
040 _aBR-BrBNA
_bpor
_cBiblioteca Nacional de Agricultura
041 _a(Por)
072 _aF01
_b2120
090 _ 2120 BR0305145
100 1 _aLivramento, D.E. do
110 1 _aUniversidade Federal de Lavras, MG (Brasil)
_0Tese (Mestrado)
245 1 _aInfluência da produção nos teores de carboidratos e na recuperação de cafeeiros (Coffea arabica L.)após "recepa" ou pulverizados com solução de sacarose
260 3 _aLavras, MG (Brasil):
_c2001.
300 _a41 p.
500 _aSummaries (Eng, Por); Bibliography p. 37-41; 21 illus.
650 _aCAFÉ
650 _aPODA
650 _aRECEPA
650 _aPRÁTICA CULTURAL
650 _aSACAROSE
650 _aPULVERIZAÇÃO
909 _a202309
_bLucia
_c55
_dLucia Elande
942 _cBK
999 _c65699
_d65699